Normal view
MARC view
- Shah, Muhammad Azeem Ali
Entry Personal Name
001 - CONTROL NUMBER
- control field: 119791
003 - CONTROL NUMBER IDENTIFIER
- control field: NUST
005 - DATE AND TIME OF LATEST TRANSACTION
- control field: 20231221092531.0
008 - FIXED-LENGTH DATA ELEMENTS
- fixed length control field: 231221|| aca||aabn | a|a d
040 ## - CATALOGING SOURCE
- Original cataloging agency: NUST
- Transcribing agency: NUST
100 ## - HEADING--PERSONAL NAME
- Personal name: Shah, Muhammad Azeem Ali
670 ## - SOURCE DATA FOUND
- Source citation: Work cat.: (NUST)0: Afghanistan-Pakistan shared waters :
